000 00757nam a2200265 a 4500
003 AR-BaBNM
005 20251128210654.0
008 082120s2002 ||||||||||||||000 | spa||
020 _a84-7666-084-7
040 _cAR-BaBNM
110 2 _aOrganización de Estados Iberoamericanos para la Educación, la Ciencia y la Cultura
_9OEI
245 0 0 _aEducación técnico-profesional
_n2
260 _aMadrid
_bOEI
_c1997
300 _a82 p.
490 0 _aCuaderno de trabajo
500 _aContiene referencias bibliográficas
650 4 _aEDUCACION Y EMPLEO
650 4 _aCOMPETENCIAS
650 4 _aEDUCACION PARA EL TRABAJO
651 4 _aAmérica Latina
653 _aNIVEL MEDIO
653 _aFORMACION LABORAL
942 _cBK
998 _cRaquel
999 _c16380
_d16380